000 00312nam a22001337a 4500
008 181009b xxu||||| |||| 00| 0 eng d
020 _a9780669296266
041 _aeng
080 _27th
_a530
100 _a43
101 _aFIZ
245 _aAn Introduction to Physical Science
_cShipman,J.T
942 _2udc
_cBK
999 _c49152
_d49152